[Event "Open Gonfreville (1)"]
[Site "?"]
[Date "1999.04.06"]
[Round "?"]
[White "Armengaud, N."]
[Black "Bersoult, F."]
[Result "0-1"]
[WhiteElo "1499"]
[BlackElo "2238"]
[PlyCount "60"]

1. e4 c5 2. Nf3 e6 3. d4 cxd4 4. Nxd4 Nc6 5. Be3 Nf6 6. Bd3 d5 7. f3 dxe4 8.
fxe4 Nxd4 9. Bxd4 Nxe4 10. Bxe4 Qh4+ 11. Kf1 Qxe4 12. Nc3 Qc6 13. Qd3 b6 14.
Rd1 Bb7 15. Qg3 O-O-O 16. Kf2 Rxd4 17. Rxd4 Bc5 18. Ne2 e5 19. Qxe5 Qxg2+ 20.
Ke3 Qxh1 21. Qf5+ Kb8 22. Qe5+ Ka8 23. Kd2 Bxd4 24. Nxd4 f6 25. Qd6 Qd5 26. Qf4
Rd8 27. c3 Qxa2 28. Kc2 Qd5 29. Qe3 Qe4+ 30. Qxe4 Bxe4+ 0-1

[Event "Open Gonfreville (1)"]
[Site "?"]
[Date "1999.04.06"]
[Round "?"]
[White "Medghoul, A."]
[Black "Grevillot, D."]
[Result "1-0"]
[WhiteElo "1960"]
[BlackElo "1240"]
[PlyCount "33"]

1. d4 e6 2. e4 Nf6 3. e5 Nd5 4. c4 Bb4+ 5. Nd2 Ne7 6. Qg4 O-O 7. Bd3 Ng6 8.
Ngf3 Nc6 9. h4 f5 10. exf6 Rxf6 11. a3 Be7 12. Ne4 Rxf3 13. gxf3 d5 14. Ng5 Nf8
15. Qh5 h6 16. Nf7 Qe8 17. Nxh6+ 1-0

[Event "Open Gonfreville (1)"]
[Site "?"]
[Date "1999.04.06"]
[Round "?"]
[White "Rause, O."]
[Black "Malet, L."]
[Result "1/2-1/2"]
[WhiteElo "2270"]
[BlackElo "1560"]
[PlyCount "36"]

1. e4 c5 2. c3 Nf6 3. e5 Nd5 4. d4 cxd4 5. cxd4 e6 6. Nf3 b6 7. Nc3 Nxc3 8.
bxc3 Qc7 9. Bd2 Bb7 10. Bd3 d6 11. O-O Be7 12. Re1 Nd7 13. exd6 Bxd6 14. Ne5
Nxe5 15. dxe5 Bxe5 16. Bb5+ Ke7 17. Qh5 Bd6 18. Rad1 Rad8 1/2-1/2

[Event "Open gonfreville (1)"]
[Site "?"]
[Date "1999.04.06"]
[Round "?"]
[White "Kozakov, M."]
[Black "Morisse, M."]
[Result "1-0"]
[WhiteElo "2420"]
[BlackElo "1600"]
[PlyCount "63"]

1. e4 d6 2. d4 Nf6 3. Nc3 g6 4. Nf3 Bg7 5. Be3 c6 6. Qd2 b5 7. Bd3 Nbd7 8.
O-O-O Qa5 9. Kb1 Rb8 10. Bh6 Bxh6 11. Qxh6 Nb6 12. e5 dxe5 13. Nxe5 Bd7 14.
Rhe1 Rf8 15. Qf4 Rb7 16. Qxf6 Qxa2+ 17. Nxa2 exf6 18. Nxg6+ Be6 19. Nxf8 Kxf8
20. Nb4 Bd5 21. Nxd5 Nxd5 22. Bxh7 Nf4 23. g3 Nh3 24. f4 Nf2 25. Rd2 Ng4 26.
Be4 Re7 27. h3 f5 28. hxg4 fxe4 29. Rde2 f5 30. gxf5 Rf7 31. g4 Rg7 32. g5 1-0

[Event "Open Gonfreville (1)"]
[Site "?"]
[Date "1999.04.06"]
[Round "?"]
[White "Libmann"]
[Black "Georgiev, Kr"]
[Result "0-1"]
[WhiteElo "1610"]
[BlackElo "2490"]
[PlyCount "78"]

1. d4 Nf6 2. Nf3 g6 3. c4 Bg7 4. Nc3 O-O 5. e4 d6 6. Be2 e5 7. d5 a5 8. Bg5 Na6
9. h3 h6 10. Be3 Kh8 11. Nh2 Ng8 12. Qd2 f5 13. f3 f4 14. Bf2 Bf6 15. Bd3 Bh4
16. Bc2 Nc5 17. Na4 Nd7 18. Nc3 Rf7 19. Qe2 Rh7 20. Nf1 h5 21. Nd2 Nh6 22. Rg1
Qf6 23. Ba4 Nc5 24. Bc2 a4 25. b4 axb3 26. Nxb3 Na6 27. a3 Bd7 28. Kd2 Bxf2 29.
Qxf2 g5 30. g4 fxg3 31. Qxg3 Rg7 32. Raf1 h4 33. Qh2 Qf4+ 34. Qxf4 gxf4 35. Rh1
Rg2+ 36. Kd3 Nf7 37. Nd1 Ng5 38. Rf2 Rg3 39. Nd2 Nc5+ 0-1

[Event "Open Gonfreville (1)"]
[Site "?"]
[Date "1999.04.06"]
[Round "?"]
[White "Sanchis, A."]
[Black "Rose, V."]
[Result "1-0"]
[WhiteElo "2150"]
[BlackElo "1490"]
[PlyCount "49"]

1. c4 c5 2. Nf3 Nc6 3. Nc3 g6 4. e3 Bg7 5. d4 b6 6. Be2 Nf6 7. d5 Nb8 8. e4 d6
9. O-O Nbd7 10. Bf4 Nh5 11. Be3 O-O 12. Qd2 Re8 13. Rad1 a6 14. a4 Qc7 15. h3
Bb7 16. g4 Nhf6 17. g5 Nh5 18. Nh2 Bxc3 19. Qxc3 Ng7 20. Ng4 Ne5 21. Nh6+ Kf8
22. f4 Nd7 23. f5 23... gxf5 {} 24. Rxf5 Ne5 25. Qxe5 1-0

[Event "Open Gonfreville (1)"]
[Site "?"]
[Date "1999.04.06"]
[Round "?"]
[White "Velikov, P."]
[Black "Bardin, C."]
[Result "1-0"]
[WhiteElo "2492"]
[BlackElo "1610"]
[PlyCount "67"]

1. Nf3 d5 2. g3 Nf6 3. Bg2 g6 4. O-O Bg7 5. c4 c6 6. Qb3 O-O 7. d4 Nbd7 8. Nc3
dxc4 9. Qxc4 Nb6 10. Qb3 Be6 11. Qc2 Nbd5 12. e4 Nxc3 13. bxc3 Bc4 14. Rd1 Qa5
15. a4 Rfd8 16. Rb1 b6 17. Ne5 Qa6 18. Nxc6 Rd7 19. Bf4 Ne8 20. Nb8 Rxb8 21.
Bxb8 Nc7 22. Bf1 Bxf1 23. Rxf1 Qb7 24. Bxc7 Rxc7 25. Rfd1 Qc6 26. d5 Qxc3 27.
Qxc3 Rxc3 28. Rbc1 Ra3 29. Rc8+ Bf8 30. e5 Kg7 31. d6 exd6 32. exd6 Rxa4 33.
Rxf8 Kxf8 34. d7 1-0

[Event "Open Gonfreville (1)"]
[Site "?"]
[Date "1999.04.06"]
[Round "?"]
[White "Degraeve, JM."]
[Black "Delage"]
[Result "1-0"]
[WhiteElo "2536"]
[BlackElo "1630"]
[PlyCount "60"]

1. e4 e5 2. Nf3 Nc6 3. Bc4 Bc5 4. c3 Nf6 5. d3 d5 6. exd5 Nxd5 7. O-O O-O 8.
Re1 Bg4 9. Nbd2 Nf4 10. Ne4 Bb6 11. h3 Bf5 12. Bxf4 exf4 13. Qd2 Be6 14. Qxf4
Na5 15. Bxe6 fxe6 16. Qg4 Qe7 17. Neg5 Rf6 18. Rxe6 Rxe6 19. Qxe6+ Qxe6 20.
Nxe6 Re8 21. Re1 h6 22. Nf4 Rf8 23. Nd5 Nc6 24. Nxb6 axb6 25. Ne5 Re8 26. d4 b5
27. Kf1 b4 28. Nxc6 Rxe1+ 29. Kxe1 bxc6 30. cxb4 Kf7 1-0

[Event "Open Gonfreville (1)"]
[Site "?"]
[Date "1999.04.06"]
[Round "?"]
[White "Petillon, R."]
[Black "Ivanov, J."]
[Result "0-1"]
[WhiteElo "1580"]
[BlackElo "2359"]
[PlyCount "72"]

1. c4 e5 2. Nc3 Nf6 3. g3 d5 4. cxd5 Nxd5 5. Bg2 Ne7 6. d3 g6 7. Nf3 Bg7 8. Bd2
Nbc6 9. Qc1 h6 10. h4 a5 11. O-O Be6 12. Ne4 b6 13. Re1 Qd7 14. Nc3 Rc8 15. Nd1
Nd4 16. Ne3 Nxf3+ 17. Bxf3 O-O 18. Nf1 Kh7 19. Nh2 c5 20. Bg2 f5 21. Nf3 Nc6
22. a3 e4 23. dxe4 fxe4 24. Nh2 Nd4 25. Bf4 Nb3 26. Qc2 Nxa1 27. Rxa1 Qd4 28.
Bxe4 Bf5 29. Bxf5 Rxf5 30. Rb1 Re8 31. Be3 Rxe3 32. fxe3 Qxe3+ 33. Kh1 Qxg3 34.
Nf3 Qh3+ 35. Kg1 Rxf3 36. exf3 Bd4+ 0-1

[Event "Open Gonfreville (1)"]
[Site "?"]
[Date "1999.04.07"]
[Round "?"]
[White "Delaruelle, C."]
[Black "Apicella, M."]
[Result "0-1"]
[WhiteElo "1620"]
[BlackElo "2515"]
[PlyCount "44"]

1. d3 d5 2. Nf3 Nf6 3. g3 Bf5 4. Bg2 e6 5. O-O Nbd7 6. Nbd2 Be7 7. Nh4 Bg4 8.
h3 Bh5 9. g4 Bg6 10. Nxg6 hxg6 11. e4 c6 12. f4 dxe4 13. Nxe4 Nxe4 14. dxe4
Qb6+ 15. Kh2 O-O-O 16. Qf3 g5 17. f5 Ne5 18. Qg3 f6 19. b3 Rh4 20. Bf3 Bd6 21.
Qg2 Rdh8 22. Be2 Nf3+ 0-1

[Event "Open Gonfreville (1)"]
[Site "?"]
[Date "1999.04.07"]
[Round "?"]
[White "Lecluse"]
[Black "Colliou, Y."]
[Result "0-1"]
[WhiteElo "1540"]
[BlackElo "2140"]
[PlyCount "40"]

1. e4 g6 2. Nf3 Bg7 3. d4 d6 4. Bc4 c6 5. Bb3 Nf6 6. Nc3 b5 7. a3 O-O 8. O-O
Na6 9. e5 Ne8 10. Re1 Nac7 11. Ng5 d5 12. Re3 f6 13. exf6 exf6 14. Nge4 Ne6 15.
Ng3 f5 16. Rf3 Nxd4 17. Rd3 Nxb3 18. cxb3 f4 19. Nge4 Bf5 20. f3 Qb6+ 0-1

[Event "Open Gonfreville (1)"]
[Site "?"]
[Date "1999.04.07"]
[Round "?"]
[White "Peric, S."]
[Black "Bourdon"]
[Result "1-0"]
[WhiteElo "2300"]
[BlackElo "1470"]
[PlyCount "35"]

1. d4 d5 2. Nf3 Nf6 3. c4 dxc4 4. e3 e6 5. Bxc4 c5 6. O-O Nc6 7. Qe2 b6 8. Rd1
Qc7 9. Nc3 Bb7 10. e4 O-O-O 11. Nb5 Qb8 12. g3 Nxe4 13. Bf4 Nd6 14. dxc5 14...
bxc5 {} 15. Bxe6+ fxe6 16. Qxe6+ Rd7 17. Bxd6 Bxd6 18. Nxd6+ 1-0

[Event "Open Gonfreville (1)"]
[Site "?"]
[Date "1999.04.07"]
[Round "?"]
[White "Nguyen, T."]
[Black "Bachanel, J."]
[Result "0-1"]
[WhiteElo "1370"]
[BlackElo "2027"]
[PlyCount "36"]

1. e4 e6 2. d4 d5 3. Nc3 Bb4 4. e5 c5 5. a3 Bxc3+ 6. bxc3 Ne7 7. Bd3 Qc7 8. Be3
cxd4 9. cxd4 Qc3+ 10. Kf1 Bd7 11. Ne2 Qc7 12. Rb1 Nbc6 13. c4 dxc4 14. Bxc4
Nxe5 15. dxe5 Qxc4 16. Rxb7 Bb5 17. Rxa7 Rd8 18. Qe1 Qxe2+ 0-1

[Event "Open Gonfreville (1)"]
[Site "?"]
[Date "1999.04.07"]
[Round "?"]
[White "Radulov, I."]
[Black "Malandain, B."]
[Result "1-0"]
[WhiteElo "2406"]
[BlackElo "1590"]
[PlyCount "47"]

1. Nf3 c5 2. g3 Nc6 3. d4 e6 4. Bg2 Nf6 5. O-O cxd4 6. Nxd4 d5 7. c4 Bc5 8. Nb3
Bb6 9. cxd5 Nxd5 10. e4 Nf6 11. Qxd8+ Nxd8 12. Nc3 Nc6 13. Na4 Bc7 14. Be3 O-O
15. Rac1 Ng4 16. Bc5 Rd8 17. Rfd1 Rxd1+ 18. Rxd1 Nce5 19. h3 Nf6 20. f4 Nc4 21.
Rc1 b5 22. Nc3 e5 23. Nxb5 Be6 24. Nxc7 1-0

[Event "Open Gonfreville (1)"]
[Site "?"]
[Date "1999.04.07"]
[Round "?"]
[White "Medghoul, S."]
[Black "Mouzimann"]
[Result "1-0"]
[WhiteElo "2057"]
[BlackElo "1400"]
[PlyCount "43"]

1. d4 Nf6 2. c4 c5 3. Nf3 d6 4. Nc3 Nc6 5. dxc5 dxc5 6. Qxd8+ Nxd8 7. Nb5 Ne6
8. g3 a6 9. Nc3 g6 10. Bg2 Bg7 11. O-O O-O 12. Rd1 Rd8 13. Be3 Rxd1+ 14. Rxd1
Ng4 15. Bg5 Nxg5 16. Rd8+ Bf8 17. Nxg5 Nf6 18. Na4 Nd7 19. Bd5 Kg7 20. Nxf7 h6
21. f4 a5 22. Ne5 1-0

[Event "Open Gonfreville (1)"]
[Site "?"]
[Date "1999.04.07"]
[Round "?"]
[White "Dubois, M."]
[Black "Payelle, ML."]
[Result "1-0"]
[WhiteElo "2025"]
[BlackElo "1370"]
[PlyCount "27"]

1. e4 e5 2. Nf3 Nc6 3. Nc3 Nf6 4. g3 Bb4 5. Bg2 d6 6. d3 Bg4 7. h3 Be6 8. O-O
Qd7 9. Ng5 h6 10. Nxe6 Qxe6 11. Nd5 Ba5 12. c3 Ne7 13. Nxe7 Qxe7 14. Qa4+ 1-0

[Event "Open Gonfreville (1)"]
[Site "?"]
[Date "1999.04.07"]
[Round "?"]
[White "Coursaget, N."]
[Black "Lierville, P."]
[Result "1-0"]
[WhiteElo "2239"]
[BlackElo "1510"]
[PlyCount "29"]

1. d4 d5 2. c4 e6 3. Nc3 Nf6 4. Nf3 c6 5. Bg5 Bb4 6. e3 Qa5 7. Nd2 Nbd7 8. Qc2
Bxc3 9. bxc3 h6 10. Bf4 O-O 11. g4 g5 12. Bd6 Re8 13. h4 e5 14. hxg5 hxg5 15.
Qf5 1-0

[Event "Open Gonfreville (2)"]
[Site "?"]
[Date "1999.04.07"]
[Round "?"]
[White "Serrano"]
[Black "Rause, O."]
[Result "0-1"]
[WhiteElo "1200"]
[BlackElo "2270"]
[PlyCount "86"]

1. e4 c6 2. d4 d5 3. exd5 cxd5 4. Nf3 Nf6 5. Nc3 Bg4 6. Be2 e6 7. O-O Nc6 8.
Re1 Bb4 9. Bg5 h6 10. Bh4 O-O 11. Ne5 Bxe2 12. Rxe2 g5 13. Bg3 Ne7 14. f3 Bxc3
15. bxc3 Rc8 16. Qd3 Nf5 17. Kf2 Qa5 18. c4 dxc4 19. Nxc4 Qb4 20. Ne5 Qxd4+ 21.
Qxd4 Nxd4 22. Rd2 Rxc2 23. Rxc2 Nxc2 24. Rc1 Rc8 25. Nd3 Rc6 26. Ne1 Nxe1 27.
Rxc6 bxc6 28. Kxe1 Nd5 29. Kd2 Kf8 30. Bd6+ Ke8 31. Bc5 a6 32. Kd3 Nf4+ 33. Ke4
f5+ 34. Ke5 Nd3+ 35. Kd6 Nxc5 36. Kxc5 Kd7 37. g3 e5 38. g4 fxg4 39. fxg4 Kc7
40. a3 a5 41. a4 Kb7 42. Kd6 e4 43. Kc5 e3 0-1

[Event "Open Gonfreville (2)"]
[Site "?"]
[Date "1999.04.07"]
[Round "?"]
[White "Bouvier, B."]
[Black "Cami, V."]
[Result "1-0"]
[WhiteElo "2192"]
[BlackElo "1880"]
[PlyCount "57"]

1. e4 Nf6 2. e5 Nd5 3. d4 d6 4. Nf3 dxe5 5. Nxe5 Nd7 6. Nxf7 Kxf7 7. Qh5+ Ke6
8. c4 N5f6 9. d5+ Kd6 10. Qf7 Ne5 11. Bf4 c5 12. Nc3 a6 13. b4 b6 14. bxc5+
bxc5 15. Rb1 15... g5 {} (15... Qa5 $1) 16. Rb7 Bf5 17. Ne4+ Nxe4 18. Qxf5
Qa5+ 19. Kd1 Qa4+ 20. Kc1 Qa3+ 21. Kb1 Nc3+ 22. Kc2 Qxa2+ 23. Kxc3 Qa1+ 24. Kc2
Qa2+ 25. Rb2 Qa4+ 26. Kd2 Qa5+ 27. Ke2 gxf4 28. Qe6+ Kc7 29. Qxe5+ 1-0

[Event "Open Gonfreville (2)"]
[Site "?"]
[Date "1999.04.07"]
[Round "?"]
[White "Eliet, N."]
[Black "Touze, JP."]
[Result "1-0"]
[WhiteElo "2408"]
[BlackElo "1970"]
[PlyCount "83"]

1. d4 g6 2. e4 Bg7 3. Nc3 d6 4. Be3 Nd7 5. Qd2 c6 6. Nf3 b5 7. Bd3 Nb6 8. O-O
Nc4 9. Bxc4 bxc4 10. Qe2 d5 11. Rfe1 e6 12. Bg5 f6 13. Bh4 Ne7 14. e5 f5 15.
Bf6 O-O 16. Bxg7 Kxg7 17. Na4 h6 18. Nc5 g5 19. b3 cxb3 20. axb3 Qb6 21. Nd2
Ng6 22. Nf1 Rf7 23. Ng3 Nf4 24. Nh5+ Nxh5 25. Qxh5 Qb4 26. Red1 Qc3 27. Qe2 f4
28. Qd3 Qxd3 29. Rxd3 g4 30. f3 h5 31. Kf2 Kg6 32. fxg4 hxg4 33. h3 g3+ 34. Kf3
Kf5 35. Rc3 a6 36. Nd3 Bd7 37. Nxf4 Kg5 38. h4+ Kh6 39. Kxg3 Rg8+ 40. Kf3 Be8
41. g3 Rfg7 42. Kf2 1-0

[Event "Open gonfreville (2)"]
[Site "?"]
[Date "1999.04.07"]
[Round "?"]
[White "Lechevalier, S."]
[Black "Dubois, M."]
[Result "1/2-1/2"]
[WhiteElo "1690"]
[BlackElo "2025"]
[PlyCount "40"]

1. e4 Nf6 2. Nc3 d5 3. e5 Ne4 4. f4 Nxc3 5. bxc3 d4 6. Bb2 Nc6 7. Nf3 Bg4 8. h3
Bxf3 9. Qxf3 a6 10. e6 fxe6 11. Bd3 Qd5 12. O-O Qxf3 13. Rxf3 O-O-O 14. Re1
dxc3 15. Bxc3 Nd4 16. Bxd4 Rxd4 17. Rxe6 Kb8 18. Re4 Rd6 19. Kf2 h5 20. f5 h4
1/2-1/2

[Event "Open Gonfreville (2)"]
[Site "?"]
[Date "1999.04.07"]
[Round "?"]
[White "Redon, CL."]
[Black "Coursaget, N."]
[Result "0-1"]
[WhiteElo "1890"]
[BlackElo "2239"]
[PlyCount "29"]

1. d4 Nf6 2. Nf3 d5 3. c4 c6 4. Nc3 e6 5. Bg5 h6 6. Bh4 g5 7. Bg3 dxc4 8. e4
Bb4 9. Qc2 g4 10. Nd2 Qxd4 11. Bxc4 Nbd7 12. Rd1 Nh5 13. Ne2 Qc5 14. Qd3 Nxg3
15. Qxg3 0-1

[Event "Open Gonfreville (2)"]
[Site "?"]
[Date "1999.04.07"]
[Round "?"]
[White "Apicella, M."]
[Black "Pascal, P."]
[Result "1-0"]
[WhiteElo "2515"]
[BlackElo "1990"]
[PlyCount "35"]

1. e4 c5 2. Nf3 e6 3. d4 cxd4 4. Nxd4 a6 5. Nc3 Qc7 6. Be2 Nf6 7. O-O Nc6 8.
Be3 Bb4 9. Na4 Rb8 10. c4 d5 11. exd5 exd5 12. c5 Qe7 13. Bf4 Ne5 14. Nf3 Nfg4
15. Nxe5 Nxe5 16. Qd4 Nc6 17. Qxg7 Rf8 18. Bd6 1-0

[Event "Open Gonfreville (2)"]
[Site "?"]
[Date "1999.04.07"]
[Round "?"]
[White "Neimanis, J."]
[Black "Peric, S."]
[Result "0-1"]
[WhiteElo "1950"]
[BlackElo "2300"]
[PlyCount "47"]

1. e4 e6 2. Nf3 d5 3. e5 c5 4. b4 cxb4 5. a3 Nc6 6. axb4 Bxb4 7. c3 Bf8 8. d4
f6 9. Nh4 g6 10. Nf3 fxe5 11. dxe5 Bg7 12. Bf4 Nh6 13. Bd3 O-O 14. Qd2 Nf7 15.
Qe3 Qc7 16. O-O Nfxe5 17. Nd4 Nxd4 18. cxd4 Nf3+ 19. Qxf3 Qxf4 20. Qd1 Qxd4 21.
Ra2 Bd7 22. Na3 a6 23. Rd2 Bc6 24. Nc2 0-1

[Event "Open Gonfreville (2)"]
[Site "?"]
[Date "1999.04.07"]
[Round "?"]
[White "Ivanov, J."]
[Black "Medghoul, A."]
[Result "1-0"]
[WhiteElo "2359"]
[BlackElo "1960"]
[PlyCount "67"]

1. Nf3 c5 2. c4 Nc6 3. e3 Nf6 4. Nc3 e6 5. d4 d5 6. cxd5 Nxd5 7. Bd3 cxd4 8.
exd4 Bb4 9. Qc2 Ba5 10. a3 Nxc3 11. bxc3 Nxd4 12. Nxd4 Qxd4 13. O-O Qe5 14. Bb2
Bd7 15. c4 Qh5 16. Be4 Bc7 17. g3 Be5 18. Bxe5 Qxe5 19. Bxb7 Rb8 20. Rfe1 Qf6
21. Qe4 O-O 22. c5 e5 23. Rad1 Qe7 24. c6 Bc8 25. Rb1 f6 26. Rec1 Qc7 27. Rc5
Rd8 28. Rd5 Be6 29. Rxd8+ Rxd8 30. Qa4 Bd5 31. Rd1 a5 32. Rxd5 Rxd5 33. Qb3 Qf7
34. c7 1-0

[Event "Open Gonfreville (2)"]
[Site "?"]
[Date "1999.04.07"]
[Round "?"]
[White "Cimina, A."]
[Black "Degraeve, JM."]
[Result "0-1"]
[WhiteElo "2536"]
[BlackElo "1999"]
[PlyCount "92"]

1. d4 Nf6 2. c4 g6 3. Nc3 Bg7 4. g3 O-O 5. Bg2 d6 6. Nf3 Nbd7 7. O-O e5 8. e4
a6 9. h3 exd4 10. Nxd4 Re8 11. Re1 Rb8 12. f4 Nc5 13. Nb3 Nfd7 14. Nxc5 Nxc5
15. Qc2 f5 16. Be3 Nxe4 17. Nxe4 fxe4 18. Kh2 Bf5 19. g4 Bd7 20. Rad1 Qh4 21.
Bf2 Qf6 22. Bxe4 Qxf4+ 23. Bg3 Qg5 24. Rf1 Bc6 25. Bd5+ Bxd5 26. cxd5 Re7 27.
Rde1 Rbe8 28. Rxe7 Rxe7 29. Bxd6 Be5+ 30. Bxe5 Qxe5+ 31. Kg1 Qxd5 32. Rd1 Qe5
33. Qc4+ Kg7 34. Qd4 Qxd4+ 35. Rxd4 Kf6 36. Kf2 Kg5 37. Rb4 b5 38. a4 c5 39.
Rb3 bxa4 40. Rc3 Kh4 41. Rxc5 Kxh3 42. Rc3+ Kxg4 43. Rc4+ Kh5 44. Rxa4 Rb7 45.
b4 g5 46. Kg3 Rb6 0-1

[Event "Open Gonfreville (2)"]
[Site "?"]
[Date "1999.04.07"]
[Round "?"]
[White "Chalmeton"]
[Black "Velikov, P."]
[Result "0-1"]
[WhiteElo "1970"]
[BlackElo "2492"]
[PlyCount "66"]

1. d3 c5 2. Nf3 g6 3. g3 Bg7 4. Bg2 Nc6 5. e4 e5 6. Nbd2 Nge7 7. O-O O-O 8. c3
h6 9. a4 d6 10. Nh4 d5 11. Qe2 Re8 12. f4 exf4 13. gxf4 c4 14. e5 cxd3 15. Qxd3
Be6 16. Ndf3 Rc8 17. Be3 a6 18. b4 Nf5 19. Nxf5 Bxf5 20. Qd2 Be4 21. Qf2 Ne7
22. Bc5 Nf5 23. Nd4 f6 24. Nxf5 gxf5 25. exf6 Qxf6 26. Qg3 Qxc3 27. Ra3 Qxg3
28. Rxg3 Kh7 29. a5 d4 30. Kf2 Bf6 31. Rh3 Rcd8 32. Bf3 d3 33. Bxe4 Rxe4 0-1

[Event "Open Gonfreville (2)"]
[Site "?"]
[Date "1999.04.07"]
[Round "?"]
[White "Georgiev, Kr"]
[Black "Cozic, E."]
[Result "1-0"]
[WhiteElo "2490"]
[BlackElo "1960"]
[PlyCount "61"]

1. e4 c5 2. Nf3 d6 3. c3 Nc6 4. d4 Nf6 5. Be2 g6 6. O-O Bg7 7. d5 Nb8 8. h3 O-O
9. Qc2 a6 10. a4 Nbd7 11. Bf4 Rb8 12. Na3 Ne8 13. Nc4 Qc7 14. a5 b5 15. axb6
Nxb6 16. Rfe1 Bd7 17. Rxa6 Bb5 18. Rxb6 Rxb6 19. Nxb6 Bxe2 20. Na8 Qb7 21. Rxe2
Qxa8 22. c4 Nc7 23. e5 Rd8 24. Bg5 f6 25. exf6 exf6 26. Bf4 Ne8 27. Re7 Bf8 28.
Qe2 Rb8 29. Qe6+ Kh8 30. Rf7 Ng7 31. Qxf6 1-0

[Event "Open Gonfreville (2)"]
[Site "?"]
[Date "1999.04.07"]
[Round "?"]
[White "Bacon, N."]
[Black "Radulov, I."]
[Result "0-1"]
[WhiteElo "1960"]
[BlackElo "2406"]
[PlyCount "156"]

1. e4 c5 2. c3 Nf6 3. e5 Nd5 4. d4 cxd4 5. Bc4 Nb6 6. Bb3 d6 7. Bf4 dxe5 8.
Bxe5 Nc6 9. Bg3 e6 10. Nf3 Bc5 11. O-O O-O 12. Re1 Re8 13. Bh4 Qd6 14. Ng5 Qf8
15. Qh5 h6 16. Nxf7 Bd7 17. Ne5 Nxe5 18. Qxe5 Nd5 19. Bxd5 exd5 20. Qxd5+ Kh7
21. Nd2 Bc6 22. Qc4 dxc3 23. Qxc3 Qf5 24. Bg3 Rad8 25. Rxe8 Rxe8 26. Nf3 Bxf3
27. Qxf3 Qxf3 28. gxf3 Re2 29. b3 b6 30. Kf1 Rb2 31. Kg1 Kg6 32. Kf1 Kf5 33.
Ke1 Ke6 34. Kf1 Kd5 35. Kg1 Bd4 36. Rc1 Rxa2 37. Rc7 a5 38. Rd7+ Kc5 39. Rc7+
Kb5 40. Rd7 Bc3 41. Rd5+ Kc6 42. Rd3 Rc2 43. Kg2 b5 44. Bf4 b4 45. Rd6+ Kc5 46.
Rd8 a4 47. Bd6+ Kb6 48. bxa4 b3 49. Ba3 Be5 50. Rd5 b2 51. Rxe5 b1=Q 52. Rb5+
Qxb5 53. axb5 Kxb5 54. Bf8 Rc8 55. Bd6 Kc4 56. Bf4 Rf8 57. Be3 Kd3 58. h4 Ke2
59. f4 Rf6 60. h5 Rf5 61. Kg3 Rxh5 62. Bd4 g6 63. Bg7 Kf1 64. Bf8 Rh1 65. Be7
Rg1+ 66. Kf3 Rh1 67. Kg3 Ke2 68. Kg2 Rf1 69. Bh4 Rb1 70. Bg3 Rb3 71. Bh4 Kd3
72. Bg3 Ke4 73. Bh2 Kf5 74. Bg3 Kg4 75. Bh2 h5 76. Bg3 h4 77. f3+ Rxf3 78. Bxh4
Rxf4 0-1

[Event "Open Gonfreville (2)"]
[Site "?"]
[Date "1999.04.07"]
[Round "?"]
[White "Bruneliere, P."]
[Black "Salaun, T."]
[Result "1/2-1/2"]
[WhiteElo "2286"]
[BlackElo "1940"]
[PlyCount "43"]

1. e4 e6 2. d4 d5 3. Nc3 Nf6 4. Bg5 Be7 5. e5 Nfd7 6. h4 a6 7. Nf3 c5 8. dxc5
Nxc5 9. Bd3 Nc6 10. O-O Bd7 11. Re1 Qc7 12. Qd2 h6 13. Bxe7 Nxe7 14. Qf4 Nxd3
15. cxd3 Qb6 16. Re2 Bb5 17. Rd2 O-O 18. Qd4 Qa5 19. Qc5 Nf5 20. a4 Rac8 21.
Qa3 Bc6 22. d4 1/2-1/2

[Event "Open Gonfreville (2)"]
[Site "?"]
[Date "1999.04.07"]
[Round "?"]
[White "Bersoult, F."]
[Black "Fabius, R."]
[Result "1/2-1/2"]
[WhiteElo "2238"]
[BlackElo "1890"]
[PlyCount "42"]

1. d4 e6 2. c4 Bb4+ 3. Nc3 Ne7 4. e4 c5 5. d5 d6 6. Bd3 e5 7. f4 Nd7 8. Nf3 Ng6
9. f5 Nh4 10. O-O Nxf3+ 11. Rxf3 Bxc3 12. bxc3 Qf6 13. Be3 Kd8 14. Qd2 h6 15.
g4 g5 16. h4 Rg8 17. hxg5 hxg5 18. Rh3 Qg7 19. Kg2 Nf6 20. Kf3 Kc7 21. Qh2 Bd7
1/2-1/2

[Event "Open Gonfreville (2)"]
[Site "?"]
[Date "1999.04.07"]
[Round "?"]
[White "Colliou, Y."]
[Black "Buka"]
[Result "1-0"]
[WhiteElo "2240"]
[BlackElo "1905"]
[PlyCount "85"]

1. d4 d5 2. Nf3 Nf6 3. g3 e6 4. Bg2 Bd6 5. O-O O-O 6. c4 c6 7. b3 b6 8. Bb2 Ba6
9. Nbd2 Nbd7 10. Re1 Rc8 11. e4 dxe4 12. Ne5 c5 13. Nxe4 Nxe4 14. Bxe4 cxd4 15.
Nxd7 Qxd7 16. Qxd4 e5 17. Qd3 f5 18. Bd5+ Kh8 19. Bxe5 Rce8 20. Bxd6 Rxe1+ 21.
Rxe1 Qxd6 22. Re6 Qd7 23. Qe2 Qxd5 24. cxd5 Bxe2 25. Rxe2 Rd8 26. Re7 Kg8 27.
Rxa7 Rxd5 28. Rb7 Rd2 29. a4 Rd6 30. h4 h5 31. Kg2 Kh7 32. b4 Kg6 33. b5 Kf6
34. Rc7 g6 35. Kf3 Ke5 36. Rc6 Rd3+ 37. Ke2 Rd6 38. Rxd6 Kxd6 39. Kd2 Ke6 40.
Kc3 f4 41. gxf4 Kf5 42. a5 bxa5 43. b6 1-0

[Event "Open Gonfreville (2)"]
[Site "?"]
[Date "1999.04.07"]
[Round "?"]
[White "Velasquez, JL."]
[Black "Herrou, C."]
[Result "0-1"]
[WhiteElo "1790"]
[BlackElo "2080"]
[PlyCount "56"]

1. c4 e6 2. Nc3 d5 3. d4 Be7 4. Nf3 c6 5. Bf4 Nf6 6. e3 Nbd7 7. Qc2 O-O 8. Bd3
dxc4 9. Bxc4 Nd5 10. Bg3 b5 11. Bd3 N7f6 12. O-O Nb4 13. Qd2 Nxd3 14. Qxd3 b4
15. Ne4 c5 16. Nxf6+ Bxf6 17. Qb5 cxd4 18. Rfd1 a5 19. Nxd4 Ba6 20. Qc6 Qc8 21.
Rac1 Qxc6 22. Rxc6 Rfd8 23. Rdc1 h6 24. Bc7 Rd7 25. Bb6 Bb7 26. Rc7 Rxc7 27.
Rxc7 Bd5 28. a3 bxa3 0-1

[Event "Open Gonfreville (2)"]
[Site "?"]
[Date "1999.04.07"]
[Round "?"]
[White "Tenis, G."]
[Black "Henry, T."]
[Result "1-0"]
[WhiteElo "2114"]
[BlackElo "1790"]
[PlyCount "45"]

1. d4 Nf6 2. c4 c5 3. Nf3 cxd4 4. Nxd4 e5 5. Nb5 d5 6. cxd5 Bc5 7. N5c3 O-O 8.
g3 Bf5 9. Bg2 e4 10. O-O Nbd7 11. Bg5 Re8 12. Nd2 h6 13. Bxf6 Nxf6 14. Nb3 Bb6
15. e3 Qd7 16. Nd2 Rac8 17. Qb3 Bc5 18. Rfd1 Bg4 19. Re1 Qf5 20. Qc2 Nh7 21.
Bxe4 Rxe4 22. Qxe4 Qh5 23. f3 1-0

[Event "Open Gonfreville (2)"]
[Site "?"]
[Date "1999.04.07"]
[Round "?"]
[White "Adyel, S."]
[Black "Barre, P."]
[Result "1-0"]
[WhiteElo "2109"]
[BlackElo "1780"]
[PlyCount "89"]

1. d4 Nf6 2. Nc3 d5 3. Bg5 e6 4. e4 dxe4 5. Nxe4 Be7 6. Bxf6 gxf6 7. Nf3 b6 8.
Bd3 Bb7 9. Qe2 Nd7 10. O-O-O c6 11. Kb1 Qc7 12. Rhe1 O-O-O 13. Ba6 Bxa6 14.
Qxa6+ Qb7 15. Qe2 Rhg8 16. Ng3 Kb8 17. c3 Qc7 18. Qe4 Nf8 19. c4 Ng6 20. Ne2
Bd6 21. g3 Rge8 22. Qc2 Rd7 23. c5 Be7 24. Rd3 Kb7 25. h4 b5 26. h5 Nf8 27. b4
Ra8 28. a4 a6 29. Nc1 Bd8 30. Ra3 Rd5 31. axb5 axb5 32. Ree3 Rxa3 33. Rxa3 Rxh5
34. Qa2 Qb8 35. Nb3 Rd5 36. Nfd2 f5 37. Ra6 Bc7 38. Na5+ Bxa5 39. Qxa5 Nd7 40.
Nb3 f4 41. Qa3 fxg3 42. fxg3 Rf5 43. Na5+ Kc8 44. Nxc6 Qc7 45. Ra8+ 1-0

[Event "Open Gonfreville (2)"]
[Site "?"]
[Date "1999.04.07"]
[Round "?"]
[White "Delahaye, C."]
[Black "Lefebvre, H."]
[Result "0-1"]
[WhiteElo "1810"]
[BlackElo "2119"]
[PlyCount "72"]

1. c4 c6 2. Nf3 d5 3. d4 dxc4 4. e3 Be6 5. a4 Nf6 6. Na3 c5 7. Nxc4 Bd5 8. dxc5
Nc6 9. Be2 e6 10. Nd6+ Bxd6 11. cxd6 Qxd6 12. O-O O-O 13. Bd2 Rfd8 14. Bc3 Ne4
15. Nd4 Nxc3 16. bxc3 e5 17. Nf5 Qg6 18. Nh4 Qf6 19. g3 g5 20. Bh5 gxh4 21.
Qg4+ Kh8 22. f4 hxg3 23. h3 exf4 24. Qxf4 Qxf4 25. Rxf4 Kg7 26. Raf1 Ne5 27.
Rd4 Bc6 28. Rf5 Ng6 29. Be2 Rxd4 30. cxd4 Re8 31. Bc4 Rxe3 32. Rxf7+ Kh6 33. d5
Bxa4 34. Rxb7 Nf4 35. Rxa7 Re1+ 36. Bf1 Bb5 0-1